Ecodiseño : un nuevo concepto en el desarrollo de productos /

Kaydedildi:
Detaylı Bibliyografya
Yazar: Sanz Adán, Félix (autor)
Materyal Türü: Kitap
Dil:İspanyolca
Baskı/Yayın Bilgisi: Logroño, España : Universidad de La Rioja, 2003, c2003
Konular:
Etiketler: Etiketle
Etiket eklenmemiş, İlk siz ekleyin!

MARC

LEADER 00000nam^a2200000^a^4500
001 000168329
005 20250521000000.0
009 20260310101158.246
020 |a 84-95301-81-4 
037 |a Acervo ITESO - Biblioteca 
041 |a ESP 
082 |a 658. 5752  |b SAN 
100 |a Sanz Adán, Félix  |e (autor) 
245 1 0 |a Ecodiseño :  |b un nuevo concepto en el desarrollo de productos /  |c F. Sanz Adán. 
264 4 |a Logroño, España :  |b Universidad de La Rioja,  |c 2003, c2003 
300 |a 41 p. 
336 |a texto  |b txt  |2 rdacontenido 
337 |a sin mediación  |b n  |2 rdamedio 
338 |a volumen  |b nc  |2 rdasoporte 
649 |a XX 
650 |a Empresas -  |x Administración 
650 |a Desarrollo Sustentable 
650 |a Conservación y Protección Ambiental 
650 |a Medio Ambiente 
650 |a Competitividad 
650 |a Desarrollo de Productos Nuevos 
650 |a Producto (Mezcla de Mercadotecnia) 
650 |a Mezcla de Mercadotecnia 
650 |a Ecodiseño 
650 |a Diseño y Sociedad 
650 |a Diseño del Producto 
650 |a Diseño Industrial 
650 |a Administración 
650 |a Mercadotecnia 
650 |a Ciencias Administrativas 
910 |a Fondo General 
920 |a Impresos - Libros 
930 |a Colección General 
905 |a 101 
901 |a 0500104679  |b IT1  |c ACC  |u 20250521 
901 |a 0500109151  |b IT1  |c ACC  |u 20250521 
902 |a https://opac.biblio.iteso.mx/vufind/Record/000168329